| 000 | 00657nam a2200229 i 4500 | ||
|---|---|---|---|
| 003 | DO-SdBNP | ||
| 005 | 20230613091417.0 | ||
| 007 | ta | ||
| 008 | 230613b1993 dr ||||| |||| 00| 0 spa d | ||
| 040 |
_aDO-SdBNP _bspa _cBNPHU _erda |
||
| 082 | 4 | _222 | |
| 100 |
_aÁlvarez Bogaert, Fernando, _eautor _956497 |
||
| 245 | 1 | 3 |
_aEl desafío dominicano / _cFernando Álvarez Bogaert |
| 264 | 1 |
_aSanto Domingo : _bs.n., _c1993. |
|
| 300 |
_a12 páginas ; _c21 cm. |
||
| 336 |
_2rdacontent _atexto _btxt |
||
| 337 |
_2rdamedia _asin mediación _bn |
||
| 338 |
_2rdacarrier _avolumen _bnc |
||
| 590 | _aInventariado, 2023/BT | ||
| 910 | _aBtavárez | ||
| 942 |
_2ddc _cLBS1 |
||
| 999 |
_c53783 _d53783 |
||